Fundamentals of oceanography

Đã lưu trong:
Bibliografiske detaljer
Hovedforfatter: McGraw-Hill
Format: Bog
Sprog:Vietnamese
Udgivet: McGraw-Hill 2002
Tags: Tilføj Tag
Ingen Tags, Vær først til at tagge denne postø!
Thư viện lưu trữ: Mạng thư viện Đại học Đà Nẵng
LEADER 00601nam a2200253 4500
001 000021873
003 18321
005 20150423150421.0
008 150423s2002 viesd
020 |c 00 
041 0 |a vie 
082 1 4 |a 551,46  |b DU-A 
100 1 |a McGraw-Hill 
245 1 0 |a Fundamentals of oceanography  |c McGraw-Hill 
260 |b McGraw-Hill  |c 2002 
300 |a tr.  |c cm. 
OWN |a LSP 
999 |a From the UDN01 
TYP |a Monograph 
TYP |a Printed language 
980 |a Mạng thư viện Đại học Đà Nẵng